000 01402cam a22004334i 4500
003 PE-LiUPU
005 20250731173510.0
008 150616s r 000 0 d
035 _a(Sirsi) a7329
040 _aPE-LiUPU
_bspa
_cPE-LiUPU
_erda
049 _aPRUA
082 0 4 _a279.8
_bL58
_221
100 1 _aLewin, Boleslao,
_eautor.
245 1 3 _aLa inquisicion en Hispanoamerica (Judios, protestantes y patriotas) /
_cBoleslao Lewin.
264 1 _aBuenos Aires :
_bDédalo,
_c1960].
300 _a144 páginas ;
_c21 cm.
336 _atext
_2rdacontent
337 _aunmediated
_2rdamedia
338 _avolume
_2rdacarrier
526 _aSEG42
526 _aSEG41
526 _aSEG40
526 _aSEG39
526 _aP94
526 _aP87
526 _aP86
526 _aP85
526 _aP77
526 _aP76
526 _aP35
650 0 4 _aJudíos
_zAmérica española
_xHistoria .
910 _ajck
_bjvq
_cjck
942 _2ddc
_cBOOK
949 _a279.8 L58
_wDEWEY
_c1
_i05970
_lCCODEBUL1
_mBUL
_p00.00
_r0
_sY
_tBOOK
_u2015-04-23
_xBIBLIOTECA
_zUNKNOWN
_0COMPRA
_o.STAFF. Colección General
994 _aC0
_bPEPRU
596 _a1
999 _a279.8 L58
_wDEWEY
_c58560
_i05970
_f2021-11-12
_g5
_lCCODEBUL1
_mBUL
_r0
_sY
_tBOOK
_u2015-4-23
_xTEOLOGIA
_zUNKNOWN
_0COMPRA
_o.STAFF. Colección General
_d58560
980 _81
_gALBERTO SANCHEZ Responsable de Automatización